LEADER 02076oam 2200625 450 001 9910716059503321 005 20210512124910.0 035 $a(CKB)5470000002517509 035 $a(OCoLC)785108133$z(OCoLC)46851488$z(OCoLC)761478238 035 $a(EXLCZ)995470000002517509 100 $a20120408j196901 ua 0 101 0 $aeng 135 $aur||||||||||| 181 $ctxt$2rdacontent 182 $cc$2rdamedia 183 $acr$2rdacarrier 200 10$aAerodynamic data on large semispan tilting wing with 0.4-diameter chord, single-slotted flap, and single propeller 0.22 chord below wing /$fby Marvin P. Fink 210 1$aWashington, D.C. :$cNational Aeronautics and Space Administration,$dJanuary 1969. 215 $a1 online resource (203 pages) $cillustrations 225 1 $aNASA/TN ;$vD-5016 300 $a"January 1969." 320 $aIncludes bibliographical references (page 10). 606 $aAttitude (inclination)$2nasat 606 $aAirplanes$xWings 606 $aFlaps (Airplanes) 606 $aPropellers, Aerial 606 $aAerodynamics 606 $aAerodynamics$2fast 606 $aAirplanes$xWings$2fast 606 $aFlaps (Airplanes)$2fast 606 $aPropellers, Aerial$2fast 615 7$aAttitude (inclination) 615 0$aAirplanes$xWings. 615 0$aFlaps (Airplanes) 615 0$aPropellers, Aerial. 615 0$aAerodynamics. 615 7$aAerodynamics. 615 7$aAirplanes$xWings. 615 7$aFlaps (Airplanes) 615 7$aPropellers, Aerial. 700 $aFink$b Marvin P.$01402129 712 02$aUnited States.$bNational Aeronautics and Space Administration, 801 0$bOCLCE 801 1$bOCLCE 801 2$bTRL 801 2$bAD# 801 2$bOCLCQ 801 2$bOCLCF 801 2$bOCLCQ 801 2$bCOP 801 2$bGPO 906 $aBOOK 912 $a9910716059503321 996 $aAerodynamic data on large semispan tilting wing with 0.4-diameter chord, single-slotted flap, and single propeller 0.22 chord below wing$93471968 997 $aUNINA LEADER 02026nam 2200505 450 001 9910702488203321 005 20130212102847.0 035 $a(CKB)5470000002427283 035 $a(OCoLC)827279347 035 $a(EXLCZ)995470000002427283 100 $a20130212d2012 ua 0 101 0 $aeng 135 $aurcn||||||||| 181 $ctxt$2rdacontent 182 $cc$2rdamedia 183 $acr$2rdacarrier 200 10$aTone noise predictions for a spacecraft cabin ventilation fan ingesting distorted inflow and the challenges of validation /$fL. Danielle Koch [and three others] 210 1$aCleveland, Ohio :$cNational Aeronautics and Space Administration, Glenn Research Center,$d2012. 215 $a1 online resource (10 pages) $ccolor illustrations 225 1 $aNASA/TM ;$v2012-217681 300 $aTitle from title screen (viewed on Jan. 28, 2013). 300 $a"September 2012." 300 $a"Prepared for Noise-Con 2011 sponsored by the Institute of Noise Control Engineering of the USA (INCE/USA) Portland, Oregon, July 25-27, 2011." 320 $aIncludes bibliographical references (page 10). 606 $aAerodynamic characteristics$2nasat 606 $aAcoustic measurement$2nasat 606 $aAerodynamic noise$2nasat 606 $aFan blades$2nasat 606 $aNoise prediction$2nasat 606 $aPerformance prediction$2nasat 615 7$aAerodynamic characteristics. 615 7$aAcoustic measurement. 615 7$aAerodynamic noise. 615 7$aFan blades. 615 7$aNoise prediction. 615 7$aPerformance prediction. 700 $aKoch$b L. Danielle$01390396 712 02$aNASA Glenn Research Center, 712 12$aNational Conference on Noise Control Engineering$f(2011 :$ePortland, Or.) 801 0$bGPO 801 1$bGPO 906 $aBOOK 912 $a9910702488203321 996 $aTone noise predictions for a spacecraft cabin ventilation fan ingesting distorted inflow and the challenges of validation$93527248 997 $aUNINA LEADER 04470nam 2200913 450 001 9910826345503321 005 20231018183941.0 010 $a9786610734702 010 $a1-280-73470-1 010 $a0-7190-6720-0 010 $a1-84779-089-5 010 $a1-4237-0661-7 024 7 $a10.7765/9781847790897 035 $a(CKB)1000000000030961 035 $a(SSID)ssj0000264786 035 $a(PQKBManifestationID)11207261 035 $a(PQKBTitleCode)TC0000264786 035 $a(PQKBWorkID)10292954 035 $a(PQKB)10789068 035 $a(SSID)ssj0000779341 035 $a(PQKBManifestationID)12346882 035 $a(PQKBTitleCode)TC0000779341 035 $a(PQKBWorkID)10769222 035 $a(PQKB)11733658 035 $a(MiAaPQ)EBC589340 035 $a(MiAaPQ)EBC4921330 035 $a(MiAaPQ)EBC4958216 035 $a(Au-PeEL)EBL4921330 035 $a(CaPaEBR)ebr11417835 035 $a(OCoLC)990186759 035 $a(Au-PeEL)EBL4958216 035 $a(CaONFJC)MIL73470 035 $a(OCoLC)1027203541 035 $a(DE-B1597)660110 035 $a(DE-B1597)9781847790897 035 $a(EXLCZ)991000000000030961 100 $a20170817h20032003 uy 0 101 0 $aeng 135 $aurcn||||||||| 181 $ctxt 182 $cc 183 $acr 200 10$aUnderstanding US/UK government and politics $ea comparative guide. /$fDuncan Watts 210 1$aManchester, England ;$aNew York, New York :$cManchester University Press,$d2003. 210 2$aNew York, New York :$cPalgrave,$d[date of distribution not identified] 210 4$dİ2003 215 $avii, 333 p 225 1 $aUnderstandings 300 $aBibliographic Level Mode of Issuance: Monograph 311 $a0-7190-7715-X 311 $a0-7190-6721-9 320 $aIncludes bibliographical references at the end of each chapters and index. 330 $aUnderstanding US/UK government and politics is a further volume in the Understanding Politics series. It is written specifically for A2 students and covers the comparative dimension of advanced level study. It closely follows the syllabuses of the main examination boards, being especially helpful for those requiring a direct comparison between the two political systems. Clear and accessible in style, it offers invaluable insights into the similarities and differences between British and American politics. These are summarised in useful boxes at the end of each chapter, where there are also details of relevant websites and likely examination questions.The book begins by examining the setting against which government and politics operates in Britain and the United States, noting aspects of the history and social structure of each country before exploring the concept of political culture. The underlying ideas and values of British and American people are compared, and the book goes on to analyse the constitution and the protection of rights, before considering the executive, legislative and judicial branches of government in detail. In addition, the nature of American federalism and moves towards federal devolution in the United Kingdom are assessed. Political parties, the media and elections, pressure groups and voting are all extensively covered, with some concluding thoughts on the current condition of democracy in Britain and the United States.This is the first book to attempt the task of looking at government in the UK and the US in comparative terms. It offers students the chance to boost their knowledge and understanding of the two political systems and provides the basis for a strong comparative response to any likely A2 question. 410 0$aUnderstandings. 606 $aPolitical science 607 $aUnited States$xPolitics and government 607 $aGreat Britain$xPolitics and government 610 $aAmerica. 610 $aBritain. 610 $aconstitutions. 610 $ademocratic process. 610 $aelections. 610 $aelectoral system. 610 $afreedom of expression. 610 $ajudiciaries. 610 $aliberties. 610 $amass media. 610 $apolitical culture. 610 $avoting. 615 0$aPolitical science. 676 $a320.473 700 $aWatts$b Duncan$0541844 801 0$bMiAaPQ 801 1$bMiAaPQ 801 2$bMiAaPQ 906 $aBOOK 912 $a9910826345503321 996 $aUnderstanding US$93929992 997 $aUNINA